000 005640000a22001090004500
100 1 _aMessi Metogo, Éloi (1952-)
245 1 0 _aBiblia y liturgia
300 _aVol.317, núm.317 (Septiembre, 2006), Páginas 579-584
520 _aEl Concilio Vaticano II recordó el vínculo entre la Biblia y la liturgia, pero aún más profundamente el puesto central de la Biblia en la oración, la predicación, la catequesis, el trabajo teológico, el compromiso social..., dicho brevemente, en todos los ámbitos de la vida de la iglesia.
773 0 _tConcilium
942 _cANA
999 _c62025
_d62025